书目信息 |
| 题名: |
帝国主义是资本主义的最高阶段
|
|
| 作者: | 列宁 著 | |
| 分册: | ||
| 出版信息: | 北京 人民出版社 1992.03 |
|
| 页数: | 144页 | |
| 开本: | 32开 | |
| 丛书名: | ||
| 单 册: | ||
| 中图分类: | A224 | |
| 科图分类: | ||
| 主题词: | 列字著作--单行本 | |
| 电子资源: | ||
| ISBN: | 7-01-000682-2 | |
| 000 | 00583nam0 2200193 45 | |
| 001 | 0008141564 | |
| 005 | 20000814154957.0 | |
| 010 | @a7-01-000682-2@d1.90元 | |
| 100 | @a20000814d1992 km y0chiy0120 ea | |
| 101 | 0 | @achi |
| 105 | @a z 000yy | |
| 200 | 1 | @a帝国主义是资本主义的最高阶段@ADi Guo Zhu Yi Shi Zi Ben Zhu Yi De Zui Gao Jie Duan@f(苏)列宁 著@F(Su)Lie Ning Zhu |
| 210 | @a北京@c人民出版社@d1992.03 | |
| 215 | @a144页@d32开 | |
| 606 | 0 | @a列字著作@x单行本 |
| 690 | @aA224@v3 | |
| 701 | 0 | @a列宁@4著 |
| 801 | @aCN@bPftUser@c20000814 | |
| 905 | @b106117-126@dA224@eZH:965@f10 | |
| 帝国主义是资本主义的最高阶段/(苏)列宁 著.-北京:人民出版社,1992.03 |
| 144页;32开 |
| ISBN 7-01-000682-2:1.90元 |
| ● |
| 相关链接 |
|
|
|
正题名:帝国主义是资本主义的最高阶段
索取号:A224/ZH:965
 
预约/预借
| 序号 | 登录号 | 条形码 | 馆藏地/架位号 | 状态 | 备注 |
| 1 | 106117 | 201061171 | 社科库509/509社科库 1排3列4层/ [索取号:A224/ZH:965] | 在馆 | |
| 2 | 106118 | 201061180 | 社科库509/509社科库 1排3列4层/ [索取号:A224/ZH:965] | 在馆 | |
| 3 | 106119 | 201061199 | 社科库509/509社科库 1排3列4层/ [索取号:A224/ZH:965] | 在馆 | |
| 4 | 106120 | 201061206 | 社科库509/509社科库 1排3列4层/ [索取号:A224/ZH:965] | 在馆 | |
| 5 | 106121 | 201061215 | 社科库509/509社科库 1排3列4层/ [索取号:A224/ZH:965] | 在馆 | |
| 6 | 106122 | 201061224 | 社科库509/509社科库 1排3列4层/ [索取号:A224/ZH:965] | 在馆 | |
| 7 | 106123 | 201061233 | 社科库509/509社科库 1排3列4层/ [索取号:A224/ZH:965] | 在馆 | |
| 8 | 106124 | 201061242 | 社科库509/509社科库 1排3列4层/ [索取号:A224/ZH:965] | 在馆 | |
| 9 | 106125 | 201061251 | 社科库509/509社科库 1排3列4层/ [索取号:A224/ZH:965] | 在馆 | |
| 10 | 106126 | 201061260 | 社科库509/509社科库 1排3列4层/ [索取号:A224/ZH:965] | 在馆 |